[Event "AUTO-ADV-710"]
[Site "http://www.queenalice.com/game.php?id=350253"]
[Date "2008.2.7"]
[Round "2"]
[White "AG1"]
[Black "lordek"]
[Result "1-0"]
[WhiteElo "2034"]
[BlackElo "1878"]

1. e4 e5 2. Nf3 Nc6 3. Bb5 Bc5 4. c3 Nf6 5. d4 exd4 6. e5 Ng4 7. cxd4 Bb4+ 8.
Nc3 a6 9. Be2 h5 10. a3 Be7 11. h3 Nh6 12. d5 Nb8 13. d6 Bf8 14. Bg5 f6 15. exf6
gxf6 16. Nd5 cxd6 17. Bxf6 Qa5+ 18. b4 1-0

[Event "AUTO-ADV-710"]
[Site "http://www.queenalice.com/game.php?id=350254"]
[Date "2008.2.7"]
[Round "2"]
[White "lordek"]
[Black "AG1"]
[Result "1-0"]
[WhiteElo "1900"]
[BlackElo "2023"]

1. e4 e5 2. Nf3 Nc6 3. Bc4 Nd4 4. c3 Nxf3+ 5. Qxf3 Qf6 6. Qg3 Bc5 7. O-O Ne7 8.
Kh1 Ng6 9. d3 O-O 10. Bg5 Qd6 11. b4 Bb6 12. Na3 a5 13. Nb5 Qc6 14. a4 d6 15. f4
exf4 16. Bxf4 Nxf4 17. Rxf4 axb4 18. Raf1 Be6 19. Bxe6 fxe6 20. cxb4 Rxf4 21.
Qxf4 Qe8 22. a5 Be3 23. Nxc7 Bxf4 24. Nxe8 Rxe8 25. Rxf4 e5 26. Rf1 Rc8 27. b5
Rc5 28. Rb1 Kf7 29. Kg1 Rc8 30. Kf2 Rc2+ 31. Ke3 Ke6 32. Ra1 Rc7 33. Kd2 h6 34.
Rc1 Rxc1 35. Kxc1 1-0

[Event "AUTO-ADV-710"]
[Site "http://www.queenalice.com/game.php?id=350257"]
[Date "2008.2.7"]
[Round "2"]
[White "lordek"]
[Black "Redtom"]
[Result "1-0"]
[WhiteElo "1870"]
[BlackElo "1893"]

1. e4 d5 2. exd5 Nf6 3. d4 Bg4 4. f3 Bf5 5. c4 e6 6. dxe6 Bb4+ 7. Nc3 Qe7 8. Bd3
Bxe6 9. Ne2 c6 10. O-O O-O 11. Bg5 Nbd7 12. Re1 Qd6 13. Bf4 Qe7 14. Ng3 h6 15.
Nf5 Qd8 16. Qd2 Bxf5 17. Bxf5 Nb6 18. Qd3 Nh5 19. Bd2 Qc7 20. c5 Nc8 21. Re4 Ne7
22. Rh4 Nf6 23. Bxh6 Nxf5 24. Qxf5 Qc8 25. Qg5 Ne8 26. Bxg7 Nxg7 27. Rg4 1-0

[Event "AUTO-ADV-710"]
[Site "http://www.queenalice.com/game.php?id=350258"]
[Date "2008.2.7"]
[Round "2"]
[White "Redtom"]
[Black "lordek"]
[Result "1-0"]
[WhiteElo "1877"]
[BlackElo "1886"]

1. e4 e5 2. Nc3 Nf6 3. f4 exf4 4. e5 Qe7 5. Qe2 Ng8 6. Nf3 g5 7. Nd5 Qc5 8. Nf6+
Ke7 9. c3 Nxf6 10. exf6+ Kxf6 11. d4 Qe7 12. Bd2 Qxe2+ 13. Bxe2 h6 14. O-O Kg7
15. c4 d6 16. d5 Bf5 17. Bc3+ f6 18. Nd4 Bd7 19. Rae1 Kf7 20. Bh5+ Kg8 21. Ne6
Bxe6 22. dxe6 Be7 23. Bxf6 Bxf6 24. e7 Bxe7 25. Rxe7 Na6 26. Rfe1 Rf8 27. Bg6 h5
28. Be4 Rf7 29. Bd5 Rh7 30. Rxf7 1-0

[Event "AUTO-OPEN-874"]
[Site "http://www.queenalice.com/game.php?id=355793"]
[Date "2008.2.17"]
[Round "2"]
[White "Benoliel"]
[Black "lordek"]
[Result "1-0"]
[WhiteElo "2004"]
[BlackElo "1870"]

1. d4 f5 2. Nf3 Nf6 3. c4 e6 4. Nc3 Be7 5. Bf4 O-O 6. e3 Nh5 7. Bd3 Nxf4 8. exf4
b6 9. Qb3 Bb7 10. d5 exd5 11. cxd5 d6 12. O-O-O Nd7 13. h4 Nc5 14. Qc2 Bc8 15.
h5 Bd7 16. Qe2 Bf6 17. h6 g6 18. Rh3 a6 19. Rg3 Nxd3+ 20. Qxd3 b5 21. Ng5 Qc8
22. Re1 b4 23. Ne2 Bb5 24. Qd2 c5 25. Ne6 Rf7 26. Re3 a5 27. Ng3 Bh8 28. Ng5 Rf8
29. Re7 c4 30. Rxh7 c3 31. Rxh8+ 1-0

[Event "AUTO-OPEN-874"]
[Site "http://www.queenalice.com/game.php?id=355794"]
[Date "2008.2.17"]
[Round "2"]
[White "lordek"]
[Black "Benoliel"]
[Result "1-0"]
[WhiteElo "1882"]
[BlackElo "2000"]

1. e4 Nc6 2. d4 d5 3. e5 Bf5 4. Nf3 e6 5. c3 h6 6. Bd3 Nge7 7. O-O Bxd3 8. Qxd3
Nf5 9. b3 Be7 10. Ba3 O-O 11. Rd1 a6 12. Bxe7 Qxe7 13. Nbd2 f6 14. exf6 Qxf6 15.
Re1 Nh4 16. Re3 Rae8 17. Rae1 b5 18. Qe2 Nd8 19. Nxh4 Qxh4 20. Nf3 Qf6 21. Ne5
Re7 22. Ng4 Qg5 23. Rg3 Nf7 24. Ne5 Qh4 25. Ng6 Qf6 26. Nxe7+ Qxe7 27. Qg4 Ng5
28. h4 Qf6 29. f3 Nh7 30. Rxe6 Qf7 31. Rg6 Ng5 32. Rxa6 Nh7 33. Rxh6 Re8 34. Rg6
Re7 35. Rxg7+ Qxg7 36. Qc8+ Nf8 37. Rxg7+ Kxg7 38. Kf2 Ne6 39. g3 Kh7 40. Qb7
Re8 41. Qxb5 Ra8 42. a4 Rd8 43. a5 c5 44. a6 cxd4 45. cxd4 Rf8 46. Qxd5 Nc7 47.
Qd7+ Kg6 48. Qxc7 Kf5 49. Qf4+ Kg6 50. Qxf8 Kh5 51. a7 Kg6 52. a8=Q Kh5 53. Qd5+
Kg6 54. Qff7+ Kh6 55. Qg5# 1-0

[Event "AUTO-OPEN-874"]
[Site "http://www.queenalice.com/game.php?id=355799"]
[Date "2008.2.17"]
[Round "2"]
[White "lordek"]
[Black "filatelista"]
[Result "0-1"]
[WhiteElo "1903"]
[BlackElo "2233"]

1. e4 d5 2. exd5 c6 3. dxc6 Nxc6 4. Nf3 Nf6 5. Be2 e5 6. d3 h6 7. O-O Bc5 8. Nc3
O-O 9. Be3 Bxe3 10. fxe3 Ng4 11. Qd2 Re8 12. e4 Nf6 13. Rae1 Qb6+ 14. Kh1 Qxb2
15. Rb1 Qa3 16. Nb5 Qe7 17. Qe1 a6 18. Nc3 b5 19. Bd1 Be6 20. Nh4 Nd4 21. Qg3
Qa3 22. Nxb5 axb5 23. Nf5 Bxf5 0-1

[Event "AUTO-OPEN-874"]
[Site "http://www.queenalice.com/game.php?id=355800"]
[Date "2008.2.17"]
[Round "2"]
[White "filatelista"]
[Black "lordek"]
[Result "1-0"]
[WhiteElo "2225"]
[BlackElo "1921"]

1. d4 d5 2. Bf4 c5 3. e3 Nc6 4. Nf3 Bg4 5. c3 Nf6 6. Nbd2 e6 7. a3 Be7 8. h3 Bh5
9. Be2 O-O 10. O-O Re8 11. Qb3 Na5 12. Qd1 c4 13. Ne5 Bg6 14. Nxg6 hxg6 15. Rb1
b5 16. Nf3 Ne4 17. Qc2 Nb3 18. Bd1 a5 19. Qe2 Bd6 20. Bxd6 Qxd6 21. Bxb3 cxb3
22. Qxb5 a4 23. Rbd1 Reb8 24. Qd3 Kf8 25. Ne5 Ke7 26. c4 Rh8 27. c5 Qc7 28. Qb5
Rhc8 29. c6 Rcb8 30. Qe2 Rh8 31. Rc1 Rh4 32. f3 Ng3 33. Qf2 Nf5 34. g4 Rxh3 35.
gxf5 Rah8 36. Qg2 Ke8 37. fxe6 f6 38. Qxg6+ 1-0

[Event "razoman"]
[Site "http://www.queenalice.com/game.php?id=384373"]
[Date "2008.4.9"]
[Round "2"]
[White "Ferdyrojo"]
[Black "lordek"]
[Result "1-0"]
[WhiteElo "2116"]
[BlackElo "1917"]

1. e4 e5 2. Nf3 d6 3. d4 exd4 4. Nxd4 Nf6 5. Nc3 Be7 6. Be2 O-O 7. O-O Be6 8.
Nxe6 fxe6 9. Bc4 Qd7 10. Qf3 c6 11. e5 Nd5 12. Qg4 dxe5 13. Ne4 b5 14. Bb3 Na6
15. c4 bxc4 16. Bxc4 Nac7 17. Bh6 Rf7 18. Rad1 Rd8 19. Be3 Rdf8 20. a3 Qc8 21.
Bd2 Nf6 22. Nxf6+ Rxf6 23. Bc3 Rg6 24. Qe2 Bf6 25. Bxe5 Bxe5 26. Qxe5 Rf5 27.
Qxf5 1-0

[Event "AUTO-INT-661"]
[Site "http://www.queenalice.com/game.php?id=395931"]
[Date "2008.4.30"]
[Round "2"]
[White "arrabi"]
[Black "lordek"]
[Result "0-1"]
[WhiteElo "1968"]
[BlackElo "1928"]

1. e4 e5 2. Bc4 Nf6 3. d3 d5 4. exd5 Nxd5 5. Nf3 Bg4 6. h3 Bxf3 7. Qxf3 c6 8.
O-O Nf6 9. Bg5 Be7 10. a4 Qb6 11. b3 O-O 12. Be3 Qc7 13. c3 Nbd7 14. b4 Nb6 15.
Bb3 Rad8 16. Rd1 Rd7 17. a5 Nc8 18. Bc2 c5 19. Ba4 Rdd8 20. Bd2 Nd7 21. Na3 Nd6
22. Nc2 Bf6 23. Rac1 b5 24. axb6 axb6 25. Bxd7 Rxd7 26. Ra1 Nb5 27. Qg3 Rfd8 28.
Ne1 Qc6 29. c4 Nd4 30. b5 Qb7 31. Ra6 Ne2+ 32. Kh2 Nxg3 33. fxg3 e4 34. Rda1
Bxa1 35. Rxa1 Ra8 36. Rd1 Ra2 37. Bf4 exd3 38. Rxd3 Rxd3 0-1

[Event "AUTO-INT-661"]
[Site "http://www.queenalice.com/game.php?id=395932"]
[Date "2008.4.30"]
[Round "2"]
[White "lordek"]
[Black "arrabi"]
[Result "1-0"]
[WhiteElo "1909"]
[BlackElo "1990"]

1. e4 c5 2. d4 cxd4 3. c3 d6 4. cxd4 e5 5. d5 g6 6. Nf3 Bg7 7. Nc3 a6 8. Be2 Nf6
9. O-O O-O 10. Bg5 h6 11. Bd2 b5 12. Qc2 Nh7 13. Qc1 g5 14. Qc2 f5 15. exf5 Bxf5
16. Bd3 Qf6 17. a3 Nd7 18. Be3 g4 19. Nd2 Rac8 20. Nde4 Bxe4 21. Bxe4 Ng5 22.
Qe2 h5 23. Qd3 Rf7 24. Bg6 Re7 25. Bxh5 e4 26. Qd2 Nf3+ 27. gxf3 gxf3 28. Bg5
Qe5 29. Bxe7 Qxe7 30. Qf4 Nf6 31. Bg6 Rc4 32. Rfe1 1-0

[Event "razoman"]
[Site "http://www.queenalice.com/game.php?id=415868"]
[Date "2008.6.10"]
[Round "3"]
[White "lordek"]
[Black "Zoraida"]
[Result "0-1"]
[WhiteElo "1934"]
[BlackElo "1821"]

1. e4 e5 2. Nf3 d6 3. Bc4 Bg4 4. d4 Nf6 5. Bg5 Be7 6. Bxf6 Bxf6 7. dxe5 Bxe5 8.
Bxf7+ Kf8 9. c3 Qf6 10. Bc4 Bxf3 11. Qxf3 Nd7 12. Nd2 Ke7 13. Qxf6+ Nxf6 14. Nf3
Nxe4 15. Nxe5 dxe5 16. Bd5 Nd6 17. O-O-O c6 18. Bb3 a5 19. a3 b5 20. Rhe1 e4 0-1